Top 10 des pays les plus avancés en technologie - Statistiques

Statistiques générales
  • Ce quiz a été pris 582 fois
  • Le résultat moyen est 7 sur 10
Statistiques - réponses
Place Pays % Correct
9 chine
97%
2 états-unis
97%
1 Japon
96%
4 Allemagne
80%
3 corée du sud
78%
6 Royaume-uni
75%
7 Suède
48%
10 suisse
48%
5 Singapour
34%
8 Israel
19%
Aucun quiz correspondant
Distribution des résultats
% des personnes avec chaque résultat
Percentile par nombre de réponses
Votre historique - résultats
Vous n’avez pas pris ce quiz